| 000 | 00672cam a2200253u 4500 | ||
|---|---|---|---|
| 001 | 11604 | ||
| 003 | BD-RjUL | ||
| 005 | 20211208235143.0 | ||
| 008 | 140127s1961 nyua 001 0 eng | ||
| 035 | _a(BD-RjUL)11653 | ||
| 040 |
_aDLC _cCarP _dDLC _dBD-RjUL _beng |
||
| 041 | _aeng | ||
| 082 |
_a575.0162 _bPEP |
||
| 100 | 1 |
_aPetersen, Kai. [from old catalog] _935893 |
|
| 245 | 1 | 0 | _aPrehistoric life on earth. / |
| 260 |
_aNew York : _bDutton, _c1961. |
||
| 300 |
_a163 p. : _billus. ; _c23 cm. |
||
| 504 | _aIncludes index. | ||
| 650 | 0 |
_aPaleontology. _935894 |
|
| 650 | 0 |
_aEvolution. _935895 |
|
| 942 |
_2ddc _cBK |
||
| 999 |
_c11604 _d11604 |
||